Alle Länder mit Lebewesen auf Nationalflagge - Statistiken

Allgemein
  • Dieses Quiz wurde 152 mal gespielt
  • Das Durchschnittsergebnis liegt bei 10 aus 25
Antwortstatistiken
Lebewesen Land % Korrekt
Adler, Schlange Mexiko
85%
Adler Albanien
71%
Drache Bhutan
67%
Kondor Ecuador
57%
Zeder Libanon
55%
Mensch Belize
50%
Papagei Dominica
49%
Quetzal Guatemala
43%
Löwe Spanien
43%
Kuh Andorra
40%
Kronenkranich Uganda
40%
Löwe Sri Lanka
38%
Palme Haiti
37%
Adler Ägypten
36%
Fregattvogel Kiribati
36%
Paradiesvogel Papua-Neuguinea
35%
Schreiseeadler Sambia
35%
Adler Serbien
33%
Vogel Simbabwe
33%
Löwe, Taube, Zuckerrohr, Palme Fidschi
29%
Adler, Stier Moldawien
29%
Adler, Löwe Montenegro
29%
Steppenadler Kasachstan
28%
Ziegenbock, Marder Kroatien
24%
Mangrovenbaum Äquatorialguinea
18%
Keine übereinstimmenden Quizze gefunden
Verteilung der Resultate
Anzahl Personen mit jedem Resultat
Perzentil nach korrekt beantworteten Fragen
Ihre Resultats-Entwicklung
Sie haben dieses Quiz noch nicht gespielt